Dvorak's Inside Track To DOS & PC Performance (Record no. 295096)
[ view plain ]
| 000 -LEADER | |
|---|---|
| fixed length control field | 00429nam a2200157Ia 4500 |
| 008 - FIXED-LENGTH DATA ELEMENTS--GENERAL INFORMATION | |
| fixed length control field | 230718s9999 xx 000 0 und d |
| 041 ## - LANGUAGE CODE | |
| Language code of text/sound track or separate title | eng |
| 082 ## - DEWEY DECIMAL CLASSIFICATION NUMBER | |
| Classification number | 005.2682 |
| Item number | ANI |
| 100 ## - MAIN ENTRY--PERSONAL NAME | |
| Personal name | Dvorak J.C. |
| 9 (RLIN) | 147283 |
| 245 ## - TITLE STATEMENT | |
| Title | Dvorak's Inside Track To DOS & PC Performance |
| 260 ## - PUBLICATION, DISTRIBUTION, ETC. (IMPRINT) | |
| Date of publication, distribution, etc. | 1992 |
| Name of publisher, distributor, etc. | McGraw-Hill |
| 300 ## - PHYSICAL DESCRIPTION | |
| Extent | 880 |
| 365 ## - TRADE PRICE | |
| Currency code | Rs. |
| Price amount | 600.00 |
| 700 ## - ADDED ENTRY--PERSONAL NAME | |
| Personal name | Dvorak J.C. & Anis N. |
| 9 (RLIN) | 185770 |
| 906 ## - LOCAL DATA ELEMENT F, LDF (RLIN) | |
| d | B:65909-Mar-1996 |
| c | COMP |
| b | 90 |
| Withdrawn status | Lost status | Damaged status | Not for loan | Home library | Current library | Date acquired | Vendor | Budget Code | Cost, normal purchase price | Bill number | Full call number | Barcode | Date last seen | Discount | Cost, replacement price | Bill Date | Koha item type | Original Barcode |
|---|---|---|---|---|---|---|---|---|---|---|---|---|---|---|---|---|---|---|
| Withdrawn | Cummins College of Engineering for Women Pune | Cummins College of Engineering for Women Pune | 19/03/1996 | Pradeep Book Distributors | COMP | 510.00 | 659 | 005.2682 | CCEP-BK-6301 | 18/07/2023 | 90 | 600.00 | 09/03/1996 | Books | 006301 |